000 00799nam a2200217Ii 4500
003 JO-AjNU
008 230605s9999||||xx |||||||||||||| ||und||
017 _a1994/8/845
040 _aJO-AjNU
_bara
_erda
_cJO-AjNU
041 _aara
050 1 4 _aKMM64.S29.1999
100 3 _aسوار، محمد وحيد الدين,
_eauthor
_924983
245 0 0 _aشرح القانون المدني : الحقوق العينية الاصلية
250 _aط1
264 3 1 _aعمان : مكتبة دار الثقافة ، 1994
300 _a506ص
_bيشتمل على مراجع ص ( 486 - 490 )
336 _atext
_btxt
_2rdacontent
337 _aunmediated
_bn
_2rdamedia
338 _avolume
_bnc
_2rdacarrier
650 4 _aالقانون التجاري -- الحقوق العينية الاصلية
_924984
999 _aA9284
_c12852
_d12852